000 00696nam a2200253 4500
001 2033
010 _a9789720728470
021 _aPT
_b393748/15
090 _a2033
100 _a20260114d2015 cd|y0pory50030103ba
101 _apor
102 _aPT
200 _aA princesa da chuva
_fLuísa Ducla Soares
_gil. Ana Afonso
205 _a1ª edição
210 _aPorto
_cPorto Editora
_dcop. 2015
215 _a31, [2] p.
_ctodo il.
_d30 cm
225 _aLuísa Ducla Soares
300 _aBMB-Registado
606 _9863
_aLiteratura Infantil
675 _a087.5
_vBMB
_zpor
700 _aSoares
_bLuisa Ducla
_f1939-
_91362
702 _aAfonso
_bAna
_f1977-
_4440
_92912
801 _aPT
_bBMB
_gRPC
990 _cLIVROS